000 00276nam a2200133Ia 4500
008 231017s9999 xx 000 0 und d
082 _a624.1
082 _bDIA
245 0 _aDiaphragms and Shear Walls
245 0 _cAPA
260 _bAPA
300 _c30cm
942 _cREP
999 _c604036
_d604036